| 000 | 00000nas 2200000za 4500 |
| 001 | 9.832886 |
| 003 | CaOODSP |
| 005 | 20221107150105 |
| 007 | cr ||||||||||| |
| 008 | 170223c20029999onc x m o f0###|0fre|d |
| 040 | |aCaOODSP|bfre |
| 043 | |an-cn--- |
| 086 | 1 |aJ3-11F-PDF |
| 245 | 00|aRapport de recherche |h[ressource électronique]. |
| 310 | |aIrrégulier |
| 500 | |aPubli. aussi en anglais sous le titre : Research report. |
| 692 | 07|2gccst|aDroit de la famille |
| 692 | 07|2gccst|aRecherche |
| 710 | 1 |aCanada. |bMinistère de la justice. |bSection de la famille, des enfants et des adolescents. |
| 775 | 08|tResearch report |w(CaOODSP)9.832884 |